00517nam a2200205Ia 4500003000400000005001700004008004100021020001800062040000700080041000800087082001700095100001900112245007400131250000600205260003500211300001700246365001300263650000800276650002700284OSt20230401121730.0210423s2008 xx 000 0 und d a9781741751031 cAL aeng a343.099 PEAM aPEARSON (Mark) aJournalists guide to media law: dealing with legal and ethical issues a3 aAustraliabAllen & Unwinc2008 aviii,486bPB b695cINR aLaw aMilitary Tax Trade Law